| 000 | 01212nam a22002897i 4500 | ||
|---|---|---|---|
| 999 |
_c23644 _d23644 |
||
| 003 | AR-CdUCM | ||
| 008 | 260427b sp d|||| |||| 00| 0 spa d | ||
| 020 | _a978-84-1382-130-6 | ||
| 040 |
_aMUNICIPALIDAD PROVINCIAL DEL CUSCO _cBIBLIOTECA MUNICIPAL DEL CUSCO |
||
| 041 | _hspa | ||
| 082 |
_212ª Ed. _a610.73601 _bN22 |
||
| 100 |
_aHerdman, T., Heather - Kamitsuru, Shigemi - Takáo Lopes, Camila (editores) _952727 |
||
| 110 |
_aNANDA International _952728 |
||
| 245 |
_aDiagnósticos enfermeros : _bDefiniciones y clasificación 2021–2023 / |
||
| 260 |
_aBarcelona, España : _bElsevier España _c2021 |
||
| 300 |
_a610 páginas. : _c15x23 cm. |
||
| 505 | _aPromoción de la salud -- Nutrición -- Eliminación e intercambio -- Actividad/reposo -- Percepción/cognición -- Autopercepción -- Rol/relaciones -- Sexualidad -- Afrontamiento/tolerancia al estrés -- Principios vitales -- Seguridad/protección | ||
| 650 |
_aSalud _98684 |
||
| 650 |
_aNutrición _92384 |
||
| 650 |
_aActividad _952729 |
||
| 650 |
_aSexualidad _99609 |
||
| 650 |
_aPrincipios vitales _952730 |
||
| 650 |
_aSeguridad _935745 |
||
| 856 | _fwww.elsevier.es | ||
| 942 |
_2ddc _cLIBROS |
||
| 945 |
_aesh _d27-04-2026 |
||